000 00270nam a2200097Ia 4500
008 191206s9999 xx 000 0 und d
020 _a9.7808E+12
090 _aQC9818.Z56BRA
245 0 _aClimate change in Zimbabwe :Facts for planners and decision makers
260 _cc2015
999 _c15687
_d15687